| 000 | 00703nam a2200217Ia 4500 | ||
|---|---|---|---|
| 001 | 17088 | ||
| 003 | GE_BSU | ||
| 008 | 181216s||||||||xx |||||||||||||| ||und|| | ||
| 040 | _cGE_BSU | ||
| 080 | _a821.353.1-1 | ||
| 100 | _aაბაშიძე, ირაკლი (1909-1992) | ||
| 245 | _aრჩეული. ლექსები | ||
| 245 | _bლექსები | ||
| 245 | _cგ. ნატროშვილის წინასიტყვ.რედ. დ. ივარდავა | ||
| 260 | _aთბილისი | ||
| 260 | _bსაბჭ. საქართველო | ||
| 260 | _c1969 | ||
| 300 | _a299გვ. ; 21სმ.. | ||
| 653 | _aლექსები | ||
| 942 | _cBK | ||
| 999 |
_c50150 _d50150 |
||